[Event "II Liga SSCS 2015 - Istok"]
[Site "VRNJAČKA BANJA - Hotel "]
[Date "2015.10.11"]
[Round "11.11"]
[White "MAKSIMOVIC, Branimir"]
[Black "RADOVIC, Luka  **"]
[Result "0-1"]
[WhiteElo "2318"]
[BlackElo "2286"]
[PlyCount "0"]
[EventDate "2015.08.28"]

1.c4 e5 2.g3 Nf6 3.Bg2 d5 4.cxd5 Nxd5 5.Nc3 Nb6 6.Nf3 Nc6 7.a3
Be7 8.b4 O-O 9.b5 Nd4 10.Nxe5 Bf6 11.f4 Bxe5 12.fxe5 Bg4 13.O-O
Nxe2+ 14.Nxe2 Bxe2 15.Qxe2 Qd4+ 16.Qf2 Qxa1 17.d4 Qc3 18.Bg5
Qxa3 19.Bxb7 Rab8 20.Be4 Qb4 21.Rb1 Qa4 22.Bc2 Qc4 23.Rc1 Qxb5
24.Be4 Qd7 25.Bf5 Qd5 26.Rxc7 Na4 27.Rd7 Rb1+ 28.Bxb1 Qxd7 29.Bf5
Qd5 30.Qe3 Rb8 31.Be4 Qc4 32.Bd3 Qc6 33.Be4 Qc4 34.Bd3 Qb3 35.Qe2
Nc3 36.Qh5 g6 37.Qf3 Qd5 38.Qxd5 Nxd5 39.Bc4 Rb1+ 40.Kf2 Nb6
41.Ba6 Rb3 42.Bh6 Ra3 43.Bb7 Rd3 44.Be3 Nc4 45.Bg5 Rxd4 46.Bf6
Rd2+ 47.Kf3 Nb6 0-1

[Event "II Liga SSCS 2015 - Istok"]
[Site "VRNJAČKA BANJA - Hotel "]
[Date "2015.10.11"]
[Round "11.12"]
[White "RADOVIC, Janko  **"]
[Black "DJORDJEVIC, Vuk  **"]
[Result "1-0"]
[WhiteElo "2270"]
[BlackElo "2209"]
[PlyCount "0"]
[EventDate "2015.08.28"]

1.e4 e6 2.d4 d5 3.Nc3 Bb4 4.e5 c5 5.a3 Bxc3+ 6.bxc3 Ne7 7.Qg4
Qc7 8.Qxg7 Rg8 9.Qxh7 cxd4 10.Ne2 Nbc6 11.f4 Bd7 12.Qd3 dxc3
13.Nxc3 a6 14.h4 Nf5 15.Rh3 Na5 16.Rb1 Bc6 17.h5 O-O-O 18.Kf2
Nc4 19.Be2 Nh6 20.Bf3 Qa5 21.Ne2 Nf5 22.Nd4 Qc5 23.c3 Bb5 24.Qd1
Nxa3 25.Bxa3 Qxa3 26.Nxf5 exf5 27.Kg1 Kb8 28.Qd4 Qa2 29.Rd1 Qc2
30.Qd2 Qa4 31.h6 Bc4 32.Qd4 Qc6 33.Kf2 a5 34.Rb1 Kc7 35.Rh5 Qg6
36.Qc5+ Kb8 37.Qxa5 Qg3+ 38.Ke3 Rc8 39.h7 Rh8 40.Qb6 d4+ 41.cxd4
Bd5 42.Qd6+ Rc7 43.Qxd5 Rc3+ 44.Ke2 Rc2+ 45.Kd1 Rd2+ 46.Kxd2
Qf2+ 1-0

[Event "II Liga SSCS 2015 - Istok"]
[Site "VRNJAČKA BANJA - Hotel "]
[Date "2015.10.11"]
[Round "11.13"]
[White "KULAK, Dejan"]
[Black "DJURETANOVIC, Ivan"]
[Result "1/2-1/2"]
[WhiteElo "2259"]
[BlackElo "2010"]
[PlyCount "0"]
[EventDate "2015.08.28"]

1.e4 e5 2.Nf3 Nc6 3.Bb5 a6 4.Ba4 Nf6 5.O-O b5 6.Bb3 Be7 7.a4
Bb7 8.d3 O-O 9.Re1 d5 10.Nc3 dxe4 11.dxe4 b4 12.Nd5 Nxd5 13.Bxd5
Bf6 14.Be3 Qe7 15.Qe2 Rfb8 16.Rad1 Na5 17.Rd3 c5 18.Red1 c4 19.R3d2
Qc7 20.Bxb7 Rxb7 21.Rd5 c3 22.b3 Nc6 23.Qc4 Nd4 24.Qxc7 Rxc7
25.Nxd4 exd4 26.Bxd4 Be7 27.Be5 Rc5 28.Bd6 Bxd6 29.Rxd6 f5 30.Rd7
fxe4 31.Re7 Kf8 32.Rdd7 Rg5 33.Rxe4 Re8 34.Rxe8+ Kxe8 35.Rd4
Re5 36.Kf1 a5 37.f3 Kf7 38.Kf2 g5 39.g3 h5 40.Rd8 g4 41.f4 Rc5
42.Rd6 Ke7 43.Rd4 Ke6 44.Ke3 h4 45.Re4+ Kf6 46.Re5 Rc6 1/2-1/2

[Event "II Liga SSCS 2015 - Istok"]
[Site "VRNJAČKA BANJA - Hotel "]
[Date "2015.10.11"]
[Round "11.14"]
[White "LAZIC, Milan B "]
[Black "DJORDJEVIC, Nebojsa"]
[Result "0-1"]
[WhiteElo "1990"]
[BlackElo "2292"]
[PlyCount "0"]
[EventDate "2015.08.28"]

1.e4 d6 2.d4 c6 3.g3 Nf6 4.Bg2 g6 5.Nc3 Bg7 6.f4 O-O 7.Nf3 b5
8.e5 Nd5 9.Nxd5 cxd5 10.O-O e6 11.Rf2 Nc6 12.Bf1 Rb8 13.c3 Qc7
14.b3 dxe5 15.fxe5 a5 16.Bg5 h6 17.Be3 Ne7 18.Bd2 Bd7 19.Bd3
Qb6 20.g4 b4 21.cxb4 axb4 22.Be3 Bb5 23.Bc2 Rbc8 24.Qd2 Rc3 25.Re1
Qa6 26.Bb1 Kh7 27.h4 Bd3 28.Bxd3 Qxd3 29.Qxd3 Rxd3 30.Bd2 Nc6
31.Be3 f6 32.Rc2 fxe5 33.Ng5+ hxg5 34.Rxc6 exd4 35.Bxg5 e5 36.Rc7
e4 37.Re2 Rd1+ 38.Kg2 Kg8 39.h5 gxh5 40.gxh5 Rf5 41.Be7 d3 42.Rf2
Rxf2+ 43.Kxf2 Bd4+ 44.Kg3 Rg1+ 45.Kh2 d2 0-1

[Event "II Liga SSCS 2015 - Istok"]
[Site "VRNJAČKA BANJA - Hotel "]
[Date "2015.10.11"]
[Round "11.15"]
[White "STANKOVIC, Dejan"]
[Black "NIKOLIC, Vladimir"]
[Result "1-0"]
[WhiteElo "2246"]
[BlackElo "1994"]
[PlyCount "0"]
[EventDate "2015.08.28"]

1.e4 g6 2.d4 Bg7 3.Nc3 Nh6 4.Bc4 f6 5.f4 e6 6.Nf3 Nc6 7.O-O Na5
8.Bd3 d5 9.Qe1 c6 10.exd5 cxd5 11.f5 gxf5 12.Bxh6 Bxh6 13.Bxf5
Qe7 14.Nxd5 exd5 15.Bxc8 Be3+ 16.Kh1 Nc4 17.Bf5 Nd6 18.Bd3 f5
19.Qa5 f4 20.Rae1 Qg7 21.Re2 Qh6 22.Ne5 O-O 23.Qxd5+ Kh8 24.Rf3 1-0

[Event "II Liga SSCS 2015 - Istok"]
[Site "VRNJAČKA BANJA - Hotel "]
[Date "2015.10.11"]
[Round "11.16"]
[White "DRAGOJEVIC, Dragan"]
[Black "DJUKIC, Nebojsa"]
[Result "0-1"]
[WhiteElo "1949"]
[BlackElo "2174"]
[PlyCount "0"]
[EventDate "2015.08.28"]

1.e4 e6 2.f4 d5 3.e5 c5 4.Nf3 Bd7 5.c3 Nc6 6.d3 h5 7.Be2 Nh6
8.O-O Nf5 9.Na3 Qc7 10.Nc2 d4 11.c4 f6 12.exf6 gxf6 13.Nd2 O-O-O
14.Ne4 Be7 15.a3 a5 16.b4 axb4 17.axb4 cxb4 18.Ra8+ Nb8 19.Bb2
Bc6 20.Qa1 Qb6 21.Bf3 e5 22.fxe5 fxe5 23.Qe1 Nh4 24.c5 Nxf3+
25.Rxf3 Bxc5 26.Rf5 Rde8 27.Nf6 Re6 28.Qe2 Rf8 29.Qxh5 Rexf6
30.Rxf6 Rxf6 31.Qh8+ Rf8 32.Qxe5 Qc7 33.Qxc5 Rf1+ 34.Kxf1 Bxg2+
35.Kxg2 Qxc5 36.Nxd4 Qg5+ 37.Kf3 Qd2 38.Nc2 b3 39.Be5 bxc2 40.Rxb8+
Kd7 41.Rxb7+ Ke6 42.Bf4 Qxd3+ 43.Kg4 Qf5+ 44.Kg3 Qxf4+ 45.Kxf4
c1Q+ 46.Kg4 Qc4+ 47.Kg3 Qd3+ 48.Kf2 Qd2+ 49.Kf1 Qf4+ 50.Kg1 Qe3+ 0-1

[Event "II Liga SSCS 2015 - Istok"]
[Site "VRNJAČKA BANJA - Hotel "]
[Date "2015.10.11"]
[Round "11.17"]
[White "STOIMENOV, Roki"]
[Black "MITIC, Zoran"]
[Result "1-0"]
[WhiteElo "2021"]
[BlackElo "1943"]
[PlyCount "0"]
[EventDate "2015.08.28"]

1.Nf3 Nf6 2.g3 b6 3.Bg2 Bb7 4.O-O g6 5.d4 Bg7 6.c4 e6 7.Nc3 O-O
8.Bg5 h6 9.Bf4 Qc8 10.d5 d6 11.dxe6 fxe6 12.Qc2 e5 13.Bd2 Qf5
14.Qb3 Qc8 15.c5+ Kh7 16.cxd6 cxd6 17.Nb5 Qd7 18.Bc3 Bd5 19.Nxe5
dxe5 20.Bxd5 Qxd5 21.Nc7 Qxb3 22.axb3 Nc6 23.Nxa8 Rxa8 24.Rfd1
Bf8 25.f4 Bc5+ 26.Kg2 g5 27.fxe5 Ng4 28.Rd7+ Kg6 29.h3 Ne3+ 30.Kf3
Rf8+ 31.Ke4 Nf5 32.Kd5 Nfe7+ 33.Kc4 a5 34.Kb5 Rf2 35.Rd6+ Kg7
36.Rxc6 Nxc6 37.Kxc6 Rxe2 38.Re1 Re3 39.Rxe3 Bxe3 40.e6+ Kf8
41.Kd7 Bc5 42.Bf6 1-0

[Event "II Liga SSCS 2015 - Istok"]
[Site "VRNJAČKA BANJA - Hotel "]
[Date "2015.10.11"]
[Round "11.21"]
[White "MILOVANOVIC, Srboljub"]
[Black "MARJANOVIC, Dejan  **"]
[Result "0-1"]
[WhiteElo "2217"]
[BlackElo "2316"]
[PlyCount "0"]
[EventDate "2015.08.28"]

1.d4 d5 2.Nf3 Nf6 3.c4 dxc4 4.e3 b5 5.a4 b4 6.Bxc4 e6 7.O-O Be7
8.Qe2 Bb7 9.Nbd2 O-O 10.Rd1 Nbd7 11.a5 a6 12.Nb3 Qb8 13.Bd2 Rc8
14.Ne5 c5 15.Nxd7 Nxd7 16.dxc5 Nxc5 17.Nxc5 Bxc5 18.b3 Qe5 19.Be1
h5 20.Ra2 h4 21.h3 g6 22.Qg4 Rd8 23.Raa1 Bd6 24.Kf1 Qh2 25.f3
Bg3 26.Bf2 Qh1+ 27.Bg1 Kg7 28.Be2 e5 29.Qxb4 Bd5 30.Rxd5 Rxd5
31.Bc4 Rd7 32.e4 Bf4 33.Qc3 Rd2 34.Be2 Rad8 35.Re1 Bh2 0-1

[Event "II Liga SSCS 2015 - Istok"]
[Site "VRNJAČKA BANJA - Hotel "]
[Date "2015.10.11"]
[Round "11.22"]
[White "DMITROVIC, Tomislav"]
[Black "PETROVIC, Dragan R"]
[Result "0-1"]
[WhiteElo "2254"]
[BlackElo "2201"]
[PlyCount "0"]
[EventDate "2015.08.28"]

1.e4 c5 2.Nc3 Nc6 3.f4 d6 4.Nf3 Nf6 5.Bb5 a6 6.Bxc6+ bxc6 7.d3
g6 8.O-O Bg7 9.Qe1 O-O 10.Bd2 c4 11.Kh1 Rb8 12.b3 cxd3 13.cxd3
c5 14.Rc1 Bb7 15.f5 Qd7 16.Qh4 Bc6 17.g4 Bb5 18.Nxb5 Qxb5 19.Rc4
d5 20.exd5 Rbd8 21.Bh6 Rxd5 22.fxg6 hxg6 23.Ng5 Qd7 24.Rcf4 Qc6
25.Kg1 Rxg5 26.Bxg7 Kxg7 27.Qxg5 Qd6 28.Qh4 Qxd3 29.Qf2 Qd5 30.Qf3
Qg5 31.h3 Rh8 32.Rf2 Rd8 33.Qe2 Rd7 34.Qxa6 Rd1+ 35.Rf1 Qxf4
36.Rxd1 Qg3+ 37.Kf1 Qxh3+ 38.Ke1 Ne4 39.Rd3 Qxg4 40.Qc4 Qg1+
41.Ke2 Qg2+ 42.Ke1 f5 43.Rd8 Qf2+ 44.Kd1 Qxa2 45.Qg8+ Kh6 46.Qf8+
Kh5 47.Qh8+ Kg4 48.Kc1 Qxb3 49.Qh7 g5 50.Qh2 Qc3+ 51.Kb1 Qb4+
52.Kc1 Qa3+ 53.Kb1 Nc3+ 0-1

[Event "II Liga SSCS 2015 - Istok"]
[Site "VRNJAČKA BANJA - Hotel "]
[Date "2015.10.11"]
[Round "11.23"]
[White "KRAGULJAC, Pero"]
[Black "TOSIC, Nebojsa"]
[Result "0-1"]
[WhiteElo "2121"]
[BlackElo "2137"]
[PlyCount "0"]
[EventDate "2015.08.28"]

1.e4 d6 2.d4 Nf6 3.Nc3 c6 4.Be2 Nbd7 5.Nf3 e5 6.dxe5 dxe5 7.O-O
Be7 8.h3 O-O 9.Be3 Qc7 10.Nh4 Nc5 11.Bf3 g6 12.Qc1 b5 13.a3 a5
14.g4 Ne6 15.Ng2 Nd4 16.Bd1 Ba6 17.Re1 b4 18.Nb1 bxa3 19.Nxa3
Rfd8 20.c3 Ne6 21.Bf3 Bd3 22.Nc2 Bxe4 23.Bxe4 Nxe4 24.Bb6 Qxb6
25.Rxe4 Nc5 26.Rxe5 Bd6 27.Rh5 Nd3 28.Qh6 Qxf2+ 29.Kh1 gxh5 30.Qg5+
Kh8 31.Nce3 Rg8 32.Qxh5 Qg3 33.Nf1 Nf2+ 34.Kg1 Nxh3+ 35.Kh1 Qxg2+
36.Kxg2 Nf4+ 0-1

[Event "II Liga SSCS 2015 - Istok"]
[Site "VRNJAČKA BANJA - Hotel "]
[Date "2015.10.11"]
[Round "11.24"]
[White "TRIFUNOVIC, Miroljub"]
[Black "LUKIC, Igor M"]
[Result "1/2-1/2"]
[WhiteElo "2209"]
[BlackElo "2109"]
[PlyCount "0"]
[EventDate "2015.08.28"]

1.d4 g6 2.Nf3 Bg7 3.g3 d6 4.Bg2 Nc6 5.c3 e5 6.dxe5 dxe5 7.Qc2
Nf6 8.e4 O-O 9.O-O Qe7 10.b4 Rd8 11.Re1 b6 12.a4 Bb7 13.Nbd2
Ne8 14.Nc4 Nb8 15.Bg5 f6 16.Bc1 Nd7 17.Ne3 c6 18.Ba3 Nf8 19.a5
Nc7 20.Bf1 b5 21.Nd2 Nfe6 22.Bg2 Rd6 23.Nb3 Rad8 24.Rad1 a6 25.Rxd6
Rxd6 26.Rd1 Bf8 27.Re1 Qd8 28.h4 Be7 29.h5 Kg7 30.hxg6 hxg6 31.Bc1
Bc8 32.Rd1 Rxd1+ 33.Nxd1 Ne8 34.Ne3 N8c7 35.Qe2 Qg8 36.Nd2 Qh8
37.Nf3 Qd8 38.Nh4 Nf8 39.Kh2 Nce6 40.Nf1 Qd6 41.Kg1 c5 42.Bd2
cxb4 43.cxb4 Qd4 44.Ne3 Nc7 45.Be1 Be6 46.Qc2 Qd7 47.Bc3 Qc6
48.Qb2 Bd6 49.Qd2 Be7 50.Nd5 Bd6 51.Nxc7 Qxc7 52.Nf3 Qe7 53.Ne1
Bc4 54.Nc2 1/2-1/2

[Event "II Liga SSCS 2015 - Istok"]
[Site "VRNJAČKA BANJA - Hotel "]
[Date "2015.10.11"]
[Round "11.25"]
[White "SAVIC, Nebojsa"]
[Black "ZAFIROVSKI, Mite"]
[Result "1/2-1/2"]
[WhiteElo "2045"]
[BlackElo "2257"]
[PlyCount "0"]
[EventDate "2015.08.28"]

1.e4 c5 2.Nf3 Nc6 3.d4 cxd4 4.Nxd4 Qc7 5.Nc3 e6 6.Ndb5 Qb8 7.f4
a6 8.Nd4 Nxd4 9.Qxd4 Qc7 10.Be3 b5 11.e5 Ne7 12.Qb6 Qxb6 13.Bxb6
Bb7 14.a3 Nd5 15.Nxd5 Bxd5 16.O-O-O d6 17.Rg1 dxe5 18.fxe5 Be7
19.Kb1 O-O 20.Be2 Rfc8 21.Bf3 Bxf3 22.gxf3 Bc5 23.Bxc5 Rxc5 24.Rge1
g6 25.Re4 Rac8 26.c3 Kg7 27.Rd6 a5 28.f4 R8c7 29.a4 bxa4 30.Rxa4
g5 31.fxg5 Rxe5 32.h4 Rb7 33.Rd2 f6 34.gxf6+ Kxf6 35.Rg2 Rbb5 1/2-1/2

[Event "II Liga SSCS 2015 - Istok"]
[Site "VRNJAČKA BANJA - Hotel "]
[Date "2015.10.11"]
[Round "11.26"]
[White "MAKSIMOVIC, Boban"]
[Black "NADJ, Vanja"]
[Result "1/2-1/2"]
[WhiteElo "2216"]
[BlackElo "1969"]
[PlyCount "0"]
[EventDate "2015.08.28"]

1.d4 Nf6 2.Nc3 d5 3.Bg5 Nbd7 4.f3 c5 5.e3 Qa5 6.Qd2 a6 7.Nd1
Qb6 8.c3 e6 9.Nh3 Bd6 10.Bf4 e5 11.Bg3 O-O 12.Be2 Re8 13.O-O
Nf8 14.dxe5 Bxe5 15.Bxe5 Rxe5 16.Nf4 Bd7 17.c4 Bc6 18.cxd5 Nxd5
19.e4 Nxf4 20.Qxf4 Qc7 21.Bc4 Ng6 22.Qg3 b5 1/2-1/2

[Event "II Liga SSCS 2015 - Istok"]
[Site "VRNJAČKA BANJA - Hotel "]
[Date "2015.10.11"]
[Round "11.28"]
[White "MILOSEVIC, Jovana  **"]
[Black "PAVLOVIC, Milan R  **"]
[Result "1-0"]
[WhiteElo "2119"]
[BlackElo "1792"]
[PlyCount "0"]
[EventDate "2015.08.28"]

1.Nf3 d5 2.d4 Nc6 3.Bf4 Bf5 4.e3 a6 5.Be2 Nf6 6.h3 e6 7.O-O h6
8.Nbd2 Bd6 9.Bxd6 Qxd6 10.a3 O-O 11.c4 dxc4 12.Nxc4 Qe7 13.Qb3
Rab8 14.Rac1 Rfc8 15.Qd1 Bg6 16.b4 Ne4 17.Bd3 Bh7 18.Qc2 Nf6
19.Bxh7+ Nxh7 20.Rfd1 Rd8 21.Nfe5 Nxe5 22.Nxe5 Rbc8 23.Qc4 Nf6
24.Nd3 c6 25.Qb3 Rd5 26.a4 Rcd8 27.Rc5 Ne4 28.Rxd5 cxd5 29.Qc2
Nd6 30.a5 Rc8 31.Nc5 Qc7 32.Qd3 Nc4 33.Rb1 Qc6 34.e4 Qb5 35.e5
b6 36.axb6 Qxb6 37.f4 Qc6 38.f5 exf5 39.Qxf5 g6 40.Qf4 Kg7 41.Rf1
Rf8 42.e6 f6 43.Nd7 1-0

[Event "II Liga SSCS 2015 - Istok"]
[Site "VRNJAČKA BANJA - Hotel "]
[Date "2015.10.11"]
[Round "11.31"]
[White "MLADENOVIC, Stefan  *"]
[Black "TODOROVIC, Jovan"]
[Result "1/2-1/2"]
[WhiteElo "2326"]
[BlackElo "2394"]
[PlyCount "0"]
[EventDate "2015.08.28"]

1.d4 Nf6 2.Nf3 d5 3.c4 e6 4.Nc3 Be7 5.Bg5 O-O 6.e3 h6 7.Bxf6
Bxf6 8.Rc1 c6 9.h4 g6 10.g4 Bg7 11.h5 g5 12.Bd3 dxc4 13.Bxc4
b6 1/2-1/2

[Event "II Liga SSCS 2015 - Istok"]
[Site "VRNJAČKA BANJA - Hotel "]
[Date "2015.10.11"]
[Round "11.36"]
[White "ELEZ, Nikola  *"]
[Black "MARJANOVIC, Miroslav"]
[Result "1/2-1/2"]
[WhiteElo "2222"]
[BlackElo "2100"]
[PlyCount "0"]
[EventDate "2015.08.28"]

1.e4 d6 2.Nc3 g6 3.f4 Bg7 4.Nf3 Nf6 5.Be2 O-O 6.O-O c5 7.Qe1
Nc6 8.d3 Nd4 9.Nxd4 cxd4 10.Nd1 Bg4 11.Bxg4 Nxg4 12.h3 Nf6 13.c4
dxc3 14.bxc3 Nd7 15.d4 b5 16.Rb1 a6 17.Ne3 Rc8 18.f5 Nf6 19.Ng4
Nxg4 20.hxg4 Rc4 21.a3 Re8 22.Rf3 e6 23.fxe6 fxe6 24.Rh3 Qe7
25.g5 Rec8 26.Bd2 Qd7 27.Qh4 Bh8 28.Rf1 Qe7 29.Kh1 h5 30.Rhf3
R4c7 31.Qf2 Bg7 32.Rb1 Rb7 33.Qe2 1/2-1/2

[Event "II Liga SSCS 2015 - Istok"]
[Site "VRNJAČKA BANJA - Hotel "]
[Date "2015.10.11"]
[Round "11.37"]
[White "SMILJKOVIC, Dejan"]
[Black "LUKIC, Dragan M "]
[Result "0-1"]
[WhiteElo "1936"]
[BlackElo "2287"]
[PlyCount "0"]
[EventDate "2015.08.28"]

1.d4 d5 2.c4 e6 3.Nc3 c6 4.Nf3 Nf6 5.Bf4 dxc4 6.e3 b5 7.Be2 Bb7
8.Qc2 Nbd7 9.O-O Be7 10.Rad1 Qb6 11.e4 a6 12.Rfe1 h6 13.Bf1 O-O-O
14.d5 cxd5 15.exd5 Nxd5 16.Nxd5 Bxd5 17.b3 Bb4 18.Re3 Bc5 19.bxc4
Bxe3 20.cxd5+ Qc5 21.Qe4 Bxf4 22.Qxf4 Kb7 23.Qxf7 exd5 24.Ne5
Rhf8 25.Nxd7 Rxf7 26.Nxc5+ Kb6 27.Ne6 Rc8 28.Rxd5 Rc2 29.Rd6+
Ka7 30.a4 Rcxf2 31.Bd3 Rd2 32.h3 Rff2 33.Bf1 Rxd6 0-1

[Event "II Liga SSCS 2015 - Istok"]
[Site "VRNJAČKA BANJA - Hotel "]
[Date "2015.10.11"]
[Round "11.42"]
[White "DJOKIC, Nebojsa"]
[Black "TONIC, Milos  *"]
[Result "1/2-1/2"]
[WhiteElo "2204"]
[BlackElo "2037"]
[PlyCount "0"]
[EventDate "2015.08.28"]

1.e4 c6 2.d4 d5 3.e5 Bf5 4.Nf3 e6 5.Be2 c5 6.O-O Nc6 7.Be3 cxd4
8.Nxd4 Nge7 9.c4 Nxd4 10.Bxd4 Nc6 11.cxd5 Qxd5 12.Bc3 Qxd1 13.Rxd1
Be4 14.Nd2 Bd5 15.Nc4 Bxc4 16.Bxc4 Rd8 17.a3 Be7 18.b4 a6 19.Kf1
O-O 20.Ke2 Rxd1 21.Rxd1 Rd8 22.Rxd8+ Bxd8 23.a4 Be7 24.b5 axb5
25.Bxb5 Na7 26.Bc4 Bc5 27.f4 h5 28.Kd3 b6 29.Ba6 Kf8 30.Ke4 g6
31.h3 Nc6 32.Be2 Ke8 33.g4 hxg4 34.Bxg4 Ne7 35.Be1 Kd7 36.h4
Ke8 37.h5 gxh5 38.Bxh5 Nf5 39.Bg4 Ne7 40.Bd2 Bg1 41.Kd3 Kd7 42.Kc4
Kc7 43.Bh5 Ng6 44.Kd3 Kd7 45.Ke4 Ke8 46.f5 exf5+ 47.Kxf5 Nf8
48.Bb4 Bf2 49.Bd6 Ne6 50.Ke4 Bc5 51.Bb8 Ke7 52.Be2 Kd7 53.Bb5+
Kc8 54.Bd6 Bxd6 55.exd6 Nd8 56.Kd5 f6 57.Ke4 Nf7 58.Kd5 Nd8 59.Bd3
Kb8 60.Bf5 Kb7 61.Bd7 Kb8 62.Be8 Kc8 63.Bb5 Kb7 64.Bd3 Kb8 65.Be4
Kc8 66.Kc4 Nf7 67.Kd5 Nd8 68.Bg2 Kb8 69.Kc4 Nf7 70.Kb5 Nxd6+
71.Kxb6 Nc4+ 72.Kc5 Nb2 73.a5 Ka7 74.Bf1 Nd1 75.Kd4 Nf2 76.Be2
f5 77.Ke5 Ne4 1/2-1/2

[Event "II Liga SSCS 2015 - Istok"]
[Site "VRNJAČKA BANJA - Hotel "]
[Date "2015.10.11"]
[Round "11.43"]
[White "TRICKOVIC, Borivoje"]
[Black "JOVANOVIC, Aleksandar D"]
[Result "1-0"]
[WhiteElo "2214"]
[BlackElo "2195"]
[PlyCount "0"]
[EventDate "2015.08.28"]

1.d4 f5 2.e4 fxe4 3.Nc3 Nf6 4.Bg5 Nc6 5.d5 Ne5 6.Qe2 c6 7.Bxf6
gxf6 8.Qh5+ Nf7 9.O-O-O Qa5 10.Be2 d6 11.Kb1 Rg8 12.Qxh7 Rh8
13.Qxe4 f5 14.Qc4 Ne5 15.Qd4 Bd7 16.f4 c5 17.Qd2 Ng4 18.h3 Bg7
19.Rf1 Qb6 20.Nf3 Nf6 21.Ng5 Nxd5 22.Qxd5 Bxc3 23.Qf7+ Kd8 24.Qb3
Bf6 25.Qxb6+ axb6 26.Nf7+ Ke8 27.Nxh8 Bxh8 28.Bf3 e5 29.Bxb7
Ra4 30.fxe5 dxe5 31.Bd5 Rd4 32.Rd1 Rf4 33.Rhf1 Rh4 34.Rf3 e4
35.Ra3 Bd4 36.Ra8+ Ke7 37.c3 Bf2 38.Ra7 1-0

[Event "II Liga SSCS 2015 - Istok"]
[Site "VRNJAČKA BANJA - Hotel "]
[Date "2015.10.11"]
[Round "11.44"]
[White "ILIC, Aleksandar "]
[Black "DIMITRIJEVIC, Dusan  *"]
[Result "0-1"]
[WhiteElo "2147"]
[BlackElo "2135"]
[PlyCount "0"]
[EventDate "2015.08.28"]

1.e4 c5 2.Nf3 g6 3.d4 cxd4 4.Nxd4 Nc6 5.Nc3 Bg7 6.Be3 Nf6 7.Bc4
O-O 8.Bb3 a5 9.a4 Ng4 10.Qxg4 Nxd4 11.Qd1 Nxb3 12.cxb3 d6 13.Bd4
Be6 14.Bxg7 Kxg7 15.Nd5 Bxd5 16.Qxd5 Qb6 17.O-O Rac8 18.Rac1
Rc6 19.Rc3 Rfc8 20.Rf3 f6 21.Qe6 R8c7 22.Rc3 Qd4 23.Rfc1 Rxc3
24.bxc3 Qd2 25.Rf1 Qxc3 26.f4 Qe3+ 27.Kh1 Rc1 28.Qxe7+ Kh6 0-1

[Event "II Liga SSCS 2015 - Istok"]
[Site "VRNJAČKA BANJA - Hotel "]
[Date "2015.10.11"]
[Round "11.45"]
[White "MINCIC, Srbislav"]
[Black "DJUKIC, Slobodan D"]
[Result "1/2-1/2"]
[WhiteElo "2227"]
[BlackElo "2127"]
[PlyCount "0"]
[EventDate "2015.08.28"]

1.e4 c5 2.Nc3 Nc6 3.f4 g6 4.Nf3 Bg7 5.d3 d6 6.Be2 e6 7.O-O Nge7
8.Qe1 Nd4 9.Nxd4 cxd4 10.Nb1 O-O 11.Nd2 f5 12.Bd1 Nc6 13.Nf3
e5 14.exf5 Bxf5 15.fxe5 dxe5 16.Ng5 Qd7 17.Bf3 h6 18.Ne4 Qe7
19.Bd2 a5 20.a3 g5 21.Qe2 Ra6 22.Rae1 Rb6 23.Bc1 a4 24.Rf2 Nd8
25.Ref1 Ne6 26.g3 Nc5 27.Nxc5 Qxc5 28.Bxb7 Bxd3 29.Rxf8+ 1/2-1/2

[Event "II Liga SSCS 2015 - Istok"]
[Site "VRNJAČKA BANJA - Hotel "]
[Date "2015.10.11"]
[Round "11.46"]
[White "MADJAR, Stanislav"]
[Black "MILUTINOVIC, Stefana  **"]
[Result "1/2-1/2"]
[WhiteElo "2166"]
[BlackElo "2124"]
[PlyCount "0"]
[EventDate "2015.08.28"]

1.c4 g6 2.g3 Bg7 3.Bg2 c5 4.e3 Nc6 5.Ne2 Nf6 6.Nbc3 O-O 7.O-O
d6 8.d4 Bg4 9.f3 Bd7 10.b3 a6 11.Qd2 Qa5 12.Na4 cxd4 13.Qxa5
Nxa5 14.Nb6 d3 15.Nf4 Rad8 16.Bd2 Nc6 17.Nxd3 Bf5 18.e4 Nd7 19.Nxd7
Bxd7 20.Rac1 Bd4+ 21.Kh1 b5 22.Rc2 Bb6 23.c5 dxc5 24.Nxc5 Nd4
25.Rcc1 Ne2 26.Rc2 Nd4 27.Rcc1 Ne2 28.Rc2 Nd4 1/2-1/2

[Event "II Liga SSCS 2015 - Istok"]
[Site "VRNJAČKA BANJA - Hotel "]
[Date "2015.10.11"]
[Round "11.47"]
[White "KOSTIC, Aleksandar  *"]
[Black "PETROVIC, Tijana  **"]
[Result "0-1"]
[WhiteElo "1964"]
[BlackElo "1769"]
[PlyCount "0"]
[EventDate "2015.08.28"]

1.e4 c5 2.Nc3 d6 3.g3 g6 4.Bg2 Bg7 5.d3 Nc6 6.Be3 e6 7.Nge2 Nd4
8.O-O Ne7 9.Qd2 O-O 10.f4 Rb8 11.g4 b5 12.Ng3 b4 13.Nd1 f5 14.gxf5
exf5 15.c3 Ne6 16.exf5 Nxf5 17.Nxf5 gxf5 18.Bd5 Rf6 19.d4 Rg6+
20.Kh1 Qe7 21.dxc5 dxc5 22.cxb4 cxb4 23.Rc1 Bb7 24.Bc5 Qd7 25.Ne3
Rd8 26.Rfd1 Kh8 27.Bxb4 Bd4 28.Bxb7 Qxb7+ 29.Ng2 Rdg8 30.Bc3
Rxg2 31.Bxd4+ R2g7+ 0-1

[Event "II Liga SSCS 2015 - Istok"]
[Site "VRNJAČKA BANJA - Hotel "]
[Date "2015.10.11"]
[Round "11.52"]
[White "POPOVIC, Djordje D"]
[Black "DIMITRIJEVIC, Zoran"]
[Result "1-0"]
[WhiteElo "2244"]
[BlackElo "2137"]
[PlyCount "0"]
[EventDate "2015.08.28"]

1.d4 Nf6 2.c4 e6 3.g3 Be7 4.Bg2 d5 5.Nf3 O-O 6.O-O Nbd7 7.Nc3
c6 8.b3 Re8 9.Bb2 a5 10.Qc2 Bb4 11.Rfd1 Qe7 12.a3 Bxc3 13.Bxc3
Ne4 14.Bb2 b6 15.Rac1 Ba6 16.Nd2 Nxd2 17.Qxd2 Rac8 18.e4 dxc4
19.bxc4 Red8 20.Qc3 a4 21.e5 Bb7 22.f4 g6 23.Qc2 Ra8 24.Qf2 Rdc8
25.g4 Nf8 26.Rc3 f5 27.exf6 Qxf6 28.d5 cxd5 29.Rcd3 Qe7 30.cxd5
exd5 31.Rxd5 Re8 32.Re5 Qc7 33.Rxe8 Rxe8 34.Qd4 Re7 35.Bxb7 Qxb7
36.Qh8+ Kf7 37.Rd8 Re1+ 38.Kf2 Rf1+ 39.Kxf1 Qh1+ 40.Ke2 Qg2+
41.Kd3 Qf3+ 42.Kc2 1-0

[Event "II Liga SSCS 2015 - Istok"]
[Site "VRNJAČKA BANJA - Hotel "]
[Date "2015.10.11"]
[Round "11.54"]
[White "IVIC, Matija  **"]
[Black "DJORDJEVIC, Danilo  **"]
[Result "1/2-1/2"]
[WhiteElo "2172"]
[BlackElo "2101"]
[PlyCount "0"]
[EventDate "2015.08.28"]

1.g3 e5 2.c4 Nc6 3.Bg2 Nf6 4.Nf3 Bc5 5.O-O d6 6.Nc3 h6 7.d3 Be6
8.Ne1 Qd7 9.Nd5 Bxd5 10.cxd5 Ne7 11.Qb3 c6 12.dxc6 bxc6 13.Nc2
O-O 14.Qc3 Ned5 15.Qd2 1/2-1/2

[Event "II Liga SSCS 2015 - Istok"]
[Site "VRNJAČKA BANJA - Hotel "]
[Date "2015.10.11"]
[Round "11.55"]
[White "VUKASINOVIC, Sasa"]
[Black "PETROVIC, Petar R  **"]
[Result "1/2-1/2"]
[WhiteElo "2075"]
[BlackElo "1968"]
[PlyCount "0"]
[EventDate "2015.08.28"]

1.e4 e5 2.Nf3 d6 3.d4 Nd7 4.Bc4 c6 5.a4 Be7 6.Nc3 Ngf6 7.O-O
O-O 8.Qe2 Qc7 9.h3 a6 10.Be3 b6 1/2-1/2

[Event "II Liga SSCS 2015 - Istok"]
[Site "VRNJAČKA BANJA - Hotel "]
[Date "2015.10.11"]
[Round "11.56"]
[White "IVANOVIC, Zoran M"]
[Black "DJORDJEVIC, Miroslav"]
[Result "1/2-1/2"]
[WhiteElo "2100"]
[BlackElo "1958"]
[PlyCount "0"]
[EventDate "2015.08.28"]

1.e4 c6 2.d4 d5 3.Nd2 dxe4 4.Nxe4 Bf5 5.Ng3 Bg6 6.Nf3 Nf6 7.h4
h6 8.Bd3 Bxd3 9.Qxd3 e6 10.Bf4 Bd6 11.Ne5 Qc7 12.c4 Nbd7 1/2-1/2

[Event "II Liga SSCS 2015 - Istok"]
[Site "VRNJAČKA BANJA - Hotel "]
[Date "2015.10.11"]
[Round "11.58"]
[White "PETROVIC, Dragoslav"]
[Black "VESELINOV, Ivica"]
[Result "1-0"]
[WhiteElo "2014"]
[BlackElo "1956"]
[PlyCount "0"]
[EventDate "2015.08.28"]

1.d4 Nf6 2.c4 c5 3.d5 d6 4.Nc3 g6 5.e4 Bg7 6.Nf3 O-O 7.Bd3 e6
8.O-O exd5 9.exd5 Re8 10.Bg5 Na6 11.a3 Nc7 12.Qd2 a6 13.h3 Rb8
14.Qf4 h6 15.Bxh6 Nh5 16.Qd2 b5 17.Bxg7 Kxg7 18.Rfe1 Rxe1+ 19.Rxe1
bxc4 20.Bxc4 Qf6 21.Ne4 Qf4 22.Qxf4 Nxf4 23.Nxd6 Nfxd5 24.Nxc8
Rxc8 25.Rd1 Nb6 26.b3 Nb5 27.Bxb5 axb5 28.Rd6 Rb8 29.Rc6 b4 30.axb4
cxb4 31.Ne5 Rb7 32.Rd6 f6 33.Nd3 Nd7 34.Rd5 Kf7 35.Nc5 Nxc5 36.Rxc5
Ke6 37.h4 Kd6 38.Rc4 Ke5 39.f3 Rb6 40.Kf2 Rb5 41.g4 Kd5 42.h5
gxh5 43.gxh5 Ke6 44.Rh4 Kf7 45.h6 Kg8 46.h7+ Kh8 47.Ke3 Rb7 48.Kd3
Rg7 49.Rxb4 Kxh7 50.Rh4+ 1-0

[Event "II Liga SSCS 2015 - Istok"]
[Site "VRNJAČKA BANJA - Hotel "]
[Date "2015.10.11"]
[Round "11.61"]
[White "ILIC, Zoran S"]
[Black "TODOROVIC, Nenad I  **"]
[Result "1/2-1/2"]
[WhiteElo "2278"]
[BlackElo "2273"]
[PlyCount "0"]
[EventDate "2015.08.28"]

1.d4 Nf6 2.c4 e6 3.Nf3 b6 4.g3 Ba6 5.b3 Bb7 6.Bd2 Be7 7.Bg2 c6
8.O-O d5 9.Qc2 Nbd7 10.Rd1 O-O 11.Bf4 Rc8 12.Nc3 dxc4 13.e4 Bb4
14.Nd2 Qe7 15.Nxc4 1/2-1/2

[Event "II Liga SSCS 2015 - Istok"]
[Site "VRNJAČKA BANJA - Hotel "]
[Date "2015.10.11"]
[Round "11.63"]
[White "BOJKOVIC, Slobodan"]
[Black "NJEGIC, Vladimir"]
[Result "1-0"]
[WhiteElo "2213"]
[BlackElo "2147"]
[PlyCount "0"]
[EventDate "2015.08.28"]

1.e4 d6 2.d4 Nf6 3.Nc3 e5 4.Nge2 Be7 5.h3 O-O 6.Be3 exd4 7.Nxd4
d5 8.exd5 Nxd5 9.Nxd5 Qxd5 10.Nb5 Qc6 11.c3 Na6 12.Nd4 Qg6 13.Qd3
Nc5 14.Qxg6 hxg6 15.Be2 Bd7 16.h4 Rfe8 17.O-O-O Rad8 18.Bf3 Bc8
19.g3 a6 20.Rd2 Bd6 21.Re1 Ne4 22.Rde2 Kf8 23.Nb3 Nf6 24.Na5
c6 25.Nc4 Bc7 26.Bc5+ Kg8 27.Be7 Be6 28.Bxd8 Rxd8 29.Nd2 Bb6
30.b3 Rd3 31.Kc2 Bf5 32.Be4 Nxe4 33.Nxe4 Rf3 34.g4 Bxf2 1-0